Statistics for Cricket World Cup 2019

Click here to take the quiz!

General Stats

  • This quiz has been taken 42 times
  • The average score is 15 of 40

Answer Stats

QuestionAnswer% Correct
Who were the winners of the World Cup?England
100%
Who were the Runners Up?New Zealand
100%
Who finished bottom of the group?Afghanistan
88%
Who won the Player of the Tournament?Kane Williamson
73%
Who was the highest run scorer?Rohit Sharma
70%
Who was the highest wicket taker?Mitchell Starc
64%
How many teams took part in the World Cup?10
61%
How many stadiums where used in the tournament?11
55%
Which West Indian opener played his last World cup game?Chris Gayle
52%
Who hit the most sixes in the tournament?Eoin Morgan
52%
Where was the final held?Lords
52%
Which Sri Lankan fast bowler also played his last world cup game?Lasith Malinga
48%
Which batsman was run out off the last ball of the tournament?Martin Guptill
48%
Name one of the teams that was in the highest scoring game?Australia
42%
Who threw the ball to Jos Buttler for the run out in the super overJason Roy
42%
Where was the first game played?The Oval
36%
What was the highest innings total by a team (made by Eng vs Afg)397
33%
How many runs did Ben Stokes score in the final(not including the super over)?84
33%
Name the other team?Bangladesh
33%
Who were the 11 in the team of the tournament? 1.Jason Roy
33%
Name one of the Bowlers to have taken a hattrick during the world cup?Trent Boult
33%
And the other?Mo Shami
30%
How many matches were played in the tournament?48
27%
Who did Ben Stokes catch out one handed in the first game of the CWC?Andile Phehlukwayo
27%
Who ended the tournament with the best batting average?Shakib Al Hasan
24%
Who said the words "England have won the world cup by the barest of margins"?Ian Smith
21%
3.Kane Williamson
21%
2.Rohit Sharma
21%
Which bowler had the best bowling figures in an innings during the tournament?Shaheen Afridi
21%
4.Joe Root
18%
Who bowled the most dot balls in the tournament?Jofra Archer
18%
Who hit the fastest 50 in the tournament?Alex Carey
15%
6.Ben Stokes
15%
Who bowled the most maidens in the tournament?Jasprit Bumrah
15%
9.Jofra Archer
15%
8.Mitchell Starc
15%
5.Shakib Al Hasan
15%
7.Alex Carey
12%
11.Jasprit Bumrah
9%
10.Lockie Ferguson
3%

Score Distribution

Percentile by Number Answered

Percent of People with Each Score

Your Score History

You have not taken this quiz